Normal view
MARC view
- Palmer, Alan Warwick
Entry Personal Name
001 - CONTROL NUMBER
- control field: 108079
003 - CONTROL NUMBER IDENTIFIER
- control field: NUST
005 - DATE AND TIME OF LATEST TRANSACTION
- control field: 20230130140038.0
008 - FIXED-LENGTH DATA ELEMENTS
- fixed length control field: 230130|| aca||aabn | a|a d
040 ## - CATALOGING SOURCE
- Original cataloging agency: NUST
- Transcribing agency: NUST
100 ## - HEADING--PERSONAL NAME
- Personal name: Palmer, Alan Warwick
670 ## - SOURCE DATA FOUND
- Source citation: Work cat.: (NUST)186239: Palmer, Alan Warwick., Who's who in world politics :, 1996.
